ნორმალური ფორმატი
MARC ფორმატი
ჩანაწერი Personal Name
ჩანაწერთა რაოდენობა, რომელიც გამოყენებულია: 1
001 - CONTROL NUMBER
- control field: 3840
003 - CONTROL NUMBER IDENTIFIER
- control field: GE_BSU
005 - DATE AND TIME OF LATEST TRANSACTION
- control field: 20190830162730.0
008 - FIXED-LENGTH DATA ELEMENTS
- fixed length control field: 190830|| aca||aabn | a|a d
040 ## - CATALOGING SOURCE
- Original cataloging agency: GE_BSU
- Transcribing agency: GE_BSU
100 ## - HEADING--PERSONAL NAME
- Personal name: მაკარენკო ა.ს.
670 ## - SOURCE DATA FOUND
- Source citation: Work cat.: (GE_BSU)37988: გურგენიძე, დ. 2207, ა.ს.მაკარენკოს საოჯახო აღზრდის თეორია და თანამედროვეობა /
